00279nam a2200109Ia 4500008004100000082001500041100002300056245004700079260002700126300000800153650000800161191201s2009 xx 000 0 und d a332.6bFIS aFISCHER, Donald E. 0aSecurity Analysis and Portfolio Management aN.DelhibPearsonc2009 a703 aMBA